[Event "Moscow op-B (Women) 14th"]
[Site "Moscow"]
[Date "2018.02.04"]
[Round "9"]
[White "Murzina, Agata"]
[Black "Badzgaradze, Elena"]
[Result "1-0"]
[WhiteElo "1685"]
[BlackElo "1903"]
[PlyCount "99"]
[EventDate "2018.01.27"]
[EventType "swiss"]
[EventRounds "9"]
[EventCountry "RUS"]
[SourceTitle "CBM 182 Extra"]
[Source "ChessBase"]
[SourceDate "2018.02.23"]
[SourceVersion "1"]
[SourceVersionDate "2018.02.23"]
[SourceQuality "1"]

1. e4 c6 2. c4 d5 3. exd5 cxd5 4. cxd5 Nf6 5. Qa4+ Nbd7 6. Nc3 g6 7. g3 Bg7 8. Bg2 0-0 9. Nge2 Nb6 10. Qb3 Bf5 11. 0-0 Bd3 12. Re1 Bc4 13. Qb4 a5 14. Qc5 Bxd5 15. Nxd5 Nfxd5 16. Nc3 Nb4 17. Re2 Nd3 18. Qxe7 Qxe7 19. Rxe7 Rfe8 20. Re3 Rad8 21. Bf1 Rxe3 22. dxe3 Nc4 23. Rb1 Nxc1 24. Bxc4 Bxc3 25. bxc3 Rd1+ 26. Kg2 b6 27. Rxb6 Rd2 28. Rb7 Nxa2 29. Bxf7+ Kh8 30. Bxa2 Rxa2 31. c4 Rc2 32. Ra7 Rxc4 33. Rxa5 Rc7 34. h4 Kg7 35. f4 Kf6 36. Ra6+ Kf7 37. Kf3 h5 38. Ra5 Kf6 39. g4 hxg4+ 40. Kxg4 Re7 41. Ra6+ Kf7 42. Kf3 Kg7 43. e4 Kh7 44. e5 Kh6 45. Kg4 Kh7 46. Kg5 Rg7 47. Rf6 Rg8 48. Rf7+ Kh8 49. Kh6 Re8 50. Kxg6 1-0

[Event "Moscow op-B (Women) 14th"]
[Site "Moscow"]
[Date "2018.02.03"]
[Round "8"]
[White "Badzgaradze, Elena"]
[Black "Bondareva, Daria"]
[Result "1/2-1/2"]
[WhiteElo "1903"]
[BlackElo "1805"]
[PlyCount "86"]
[EventDate "2018.01.27"]
[EventType "swiss"]
[EventRounds "9"]
[EventCountry "RUS"]
[SourceTitle "CBM 182 Extra"]
[Source "ChessBase"]
[SourceDate "2018.02.23"]
[SourceVersion "1"]
[SourceVersionDate "2018.02.23"]
[SourceQuality "1"]

1. d4 Nf6 2. c4 e6 3. g3 d5 4. Nf3 Be7 5. Bg2 0-0 6. 0-0 dxc4 7. Qc2 a6 8. a4 Bd7 9. Qxc4 Bc6 10. Bg5 Bd5 11. Qc2 Be4 12. Qc1 Nc6 13. e3 Bb4 14. Nc3 Bxc3 15. bxc3 Qd5 16. c4 Qf5 17. Bf4 Bxf3 18. Bxf3 g5 19. Bxc6 bxc6 20. Bxc7 Qh3 21. f3 Ne8 22. Ba5 f5 23. Bd2 Ra7 24. Rf2 Rg7 25. Qf1 Qh5 26. e4 Qg6 27. Qd3 fxe4 28. fxe4 Rxf2 29. Kxf2 Rf7+ 30. Kg2 Nf6 31. Re1 Ng4 32. Be3 Nf6 33. Bg1 g4 34. Bf2 h6 35. Qb1 Rf8 36. e5 Qxb1 37. Rxb1 Ne4 38. Bg1 Nd2 39. Rb6 Nf3 40. Rb1 Rd8 41. Rb6 Nxg1 42. Kxg1 Rxd4 43. Rxc6 Kf7 1/2-1/2

[Event "Moscow op-B (Women) 14th"]
[Site "Moscow"]
[Date "2018.02.02"]
[Round "7"]
[White "Vifleemskaia, Svetlana"]
[Black "Badzgaradze, Elena"]
[Result "1-0"]
[WhiteElo "2035"]
[BlackElo "1903"]
[PlyCount "137"]
[EventDate "2018.01.27"]
[EventType "swiss"]
[EventRounds "9"]
[EventCountry "RUS"]
[SourceTitle "CBM 182 Extra"]
[Source "ChessBase"]
[SourceDate "2018.02.23"]
[SourceVersion "1"]
[SourceVersionDate "2018.02.23"]
[SourceQuality "1"]

1. e4 c6 2. d4 d5 3. Nd2 dxe4 4. Nxe4 Bf5 5. Ng3 Bg6 6. N1e2 Nf6 7. h4 h6 8. Nf4 Bh7 9. c3 e6 10. Nfh5 Nbd7 11. Bc4 Nb6 12. Bb3 Nxh5 13. Nxh5 Qd7 14. Bf4 Bg6 15. Be5 Bxh5 16. Qxh5 0-0-0 17. 0-0-0 Rg8 18. Bg3 Nd5 19. Rhe1 g6 20. Qf3 h5 21. Kb1 Bg7 22. c4 Nb6 23. Qf4 e5 24. dxe5 Qe6 25. f3 Rxd1+ 26. Rxd1 Re8 27. c5 Nd5 28. Bxd5 cxd5 29. Re1 Qf5+ 30. Qxf5+ gxf5 31. Rd1 f4 32. Bxf4 Bxe5 33. Bxe5 Rxe5 34. Kc2 Kc7 35. Kd3 Kc6 36. Rc1 Rf5 37. Ke3 Re5+ 38. Kd3 Rf5 39. Ke3 Re5+ 40. Kd2 Rf5 41. Rc3 d4 42. Ra3 Rxc5 43. Rxa7 Rb5 44. b3 Rf5 45. Kd3 Rf4 46. Ra4 Rxh4 47. Rxd4 Rh2 48. Rc4+ Kb6 49. Rc2 h4 50. a3 Ka6 51. Rc4 Rxg2 52. Rxh4 Rb2 53. Kc3 Re2 54. Rf4 Re7 55. Kb4 Kb6 56. Rf6+ Kc7 57. f4 Rd7 58. Kc5 Re7 59. b4 Rd7 60. b5 Re7 61. a4 Kc8 62. Kb6 Kb8 63. Rd6 Re8 64. f5 Kc8 65. Rh6 Kb8 66. Rh7 Rf8 67. f6 Kc8 68. Ka7 Kc7 69. Rh2 1-0

[Event "Moscow op-B (Women) 14th"]
[Site "Moscow"]
[Date "2018.01.27"]
[Round "1"]
[White "Schepetkova, Margarita"]
[Black "Badzgaradze, Elena"]
[Result "1-0"]
[WhiteElo "2243"]
[BlackElo "1903"]
[PlyCount "47"]
[EventDate "2018.01.27"]
[EventType "swiss"]
[EventRounds "9"]
[EventCountry "RUS"]
[SourceTitle "CBM 182 Extra"]
[Source "ChessBase"]
[SourceDate "2018.02.23"]
[SourceVersion "1"]
[SourceVersionDate "2018.02.23"]
[SourceQuality "1"]

1. d4 Nf6 2. c4 e6 3. g3 Be7 4. Bg2 d5 5. Nf3 0-0 6. 0-0 b6 7. cxd5 exd5 8. Nc3 Bb7 9. Ne5 c6 10. Qc2 Nbd7 11. Bf4 Nxe5 12. dxe5 Nd7 13. h4 Re8 14. Rfd1 Bc5 15. e4 d4 16. Na4 Qe7 17. Rac1 h6 18. Bh3 Nxe5 19. Nxc5 bxc5 20. Bxe5 Qxe5 21. Bg2 f6 22. Qb3+ Qe6 23. Qxb7 Reb8 24. Qa6 1-0

[Event "Moscow op-B (Women) 13th"]
[Site "Moscow"]
[Date "2017.02.04"]
[Round "8"]
[White "Alekseeva, Irina Kon"]
[Black "Badzgaradze, Elena"]
[Result "1-0"]
[WhiteElo "2116"]
[BlackElo "1824"]
[PlyCount "67"]
[EventDate "2017.01.28"]
[EventType "swiss"]
[EventRounds "9"]
[EventCountry "RUS"]
[SourceTitle "EXT 2018"]
[Source "ChessBase"]
[SourceDate "2017.10.13"]
[SourceVersion "1"]
[SourceVersionDate "2017.10.13"]
[SourceQuality "1"]

1. e4 c6 2. d4 d5 3. e5 Bf5 4. Bd3 Bxd3 5. Qxd3 e6 6. Ne2 Nd7 7. 0-0 Ne7 8. c4 dxc4 9. Qxc4 Nb6 10. Qd3 h5 11. Bg5 Qd7 12. Nbc3 Nf5 13. Ne4 Be7 14. Bxe7 Qxe7 15. N2g3 Nxg3 16. Nd6+ Kd8 17. fxg3 f5 18. Qb3 Rb8 19. Rac1 Qd7 20. Qe3 Qe7 21. Qa3 Nc8 22. Rfe1 Rg8 23. Qb3 Rf8 24. Rxc6 bxc6 25. Qxb8 Qd7 26. Nxc8 Qxc8 27. Qxa7 Qd7 28. Qc5 Ke8 29. Re3 Kf7 30. Ra3 Kg8 31. Ra7 Qd5 32. Qxd5 cxd5 33. b4 Rb8 34. a3 1-0

[Event "Moscow op-B (Women) 13th"]
[Site "Moscow"]
[Date "2017.01.28"]
[Round "1"]
[White "Badzgaradze, Elena"]
[Black "Utiatskaja, Irina"]
[Result "1-0"]
[WhiteElo "1824"]
[BlackElo "2213"]
[PlyCount "71"]
[EventDate "2017.01.28"]
[EventType "swiss"]
[EventRounds "9"]
[EventCountry "RUS"]
[SourceTitle "EXT 2018"]
[Source "ChessBase"]
[SourceDate "2017.10.13"]
[SourceVersion "1"]
[SourceVersionDate "2017.10.13"]
[SourceQuality "1"]

1. d4 Nf6 2. c4 g6 3. Nc3 Bg7 4. Nf3 0-0 5. g3 d6 6. Bg2 Nc6 7. 0-0 Bf5 8. Re1 Ne4 9. a3 Nxc3 10. bxc3 Be4 11. Nh4 Bxg2 12. Nxg2 Na5 13. Qd3 e5 14. Rb1 Qe8 15. e4 Qc6 16. Ne3 Rfe8 17. f3 b6 18. Kg2 h5 19. Rb2 Kh8 20. Rb1 Bh6 21. Rb4 Red8 22. Nd5 Bxc1 23. Rxc1 Kg7 24. Rf1 f6 25. f4 Rf8 26. f5 Rae8 27. fxg6 exd4 28. cxd4 Qd7 29. Rbb1 Qg4 30. Rf4 Qxg6 31. Nxc7 Re7 32. Nd5 Ref7 33. Rbf1 Nc6 34. Rf5 Ne7 35. Nf4 Qg4 36. h3 1-0

[Event "Wch U12 Girls"]
[Site "Al Ain"]
[Date "2013.12.27"]
[Round "10"]
[White "Badzgaradze, Elena"]
[Black "Krasnokutskaya, Sofiya"]
[Result "1-0"]
[WhiteElo "1693"]
[BlackElo "1813"]
[PlyCount "167"]
[EventDate "2013.12.18"]
[EventType "swiss"]
[EventRounds "11"]
[EventCountry "UAE"]
[SourceTitle "CBM 158 Extra"]
[Source "ChessBase"]
[SourceDate "2014.02.28"]
[SourceVersion "1"]
[SourceVersionDate "2014.02.28"]
[SourceQuality "1"]

1. d4 Nf6 2. c4 e5 3. dxe5 Ng4 4. Nf3 Bc5 5. e3 Nc6 6. Be2 0-0 7. 0-0 Ngxe5 8. Nxe5 Nxe5 9. Nc3 d6 10. Kh1 Re8 11. f4 Nc6 12. e4 Bd4 13. Bd3 Bd7 14. Nd5 Bf6 15. Be3 Bxb2 16. Rb1 Bd4 17. Bxd4 Nxd4 18. Rxb7 Bc8 19. Rb1 Re6 20. f5 Rh6 21. Rf4 c6 22. Ne3 Qg5 23. Qg4 Qe7 24. Qg3 Rf6 25. Ng4 c5 26. Nxf6+ Qxf6 27. Qh4 Qxh4 28. Rxh4 Bd7 29. Rh3 Bc6 30. Re3 f6 31. Kg1 Re8 32. Kf2 Kf7 33. g4 Kf8 34. Kg3 Ke7 35. Kf4 Kd7 36. Rh3 h6 37. Re3 Kc7 38. h4 Bd7 39. Rg3 Bc6 40. Rb2 Rf8 41. Re3 Bb7 42. Kg3 Re8 43. Rf2 Bc8 44. Kf4 Rf8 45. Re1 Bd7 46. Kg3 Re8 47. Rff1 Rb8 48. Rb1 Rh8 49. g5 hxg5 50. hxg5 fxg5 51. Rh1 Rxh1 52. Rxh1 Nc6 53. Rh7 Ne5 54. Be2 g6 55. fxg6 Nxg6 56. Bg4 Ne5 57. Bxd7 Nxd7 58. Kg4 Kc6 59. Kxg5 Ne5 60. Rxa7 Nxc4 61. Kf5 Nb6 62. a4 Nc8 63. Rh7 c4 64. Rh1 Nb6 65. a5 Nd7 66. a6 Kb6 67. Rd1 Kxa6 68. Rxd6+ Nb6 69. e5 Kb7 70. e6 c3 71. Rd1 Nc4 72. Rc1 Nd6+ 73. Ke5 Nc4+ 74. Kf6 Nd6 75. Rxc3 Ne4+ 76. Kg7 Nxc3 77. e7 Kc6 78. e8Q+ Kd5 79. Qd7+ Ke4 80. Qc6+ Kd4 81. Kf6 Nd5+ 82. Ke6 Nf4+ 83. Kf5 Nd5 84. Qd6 1-0

[Event "Wch U12 Girls"]
[Site "Al Ain"]
[Date "2013.12.21"]
[Round "5"]
[White "Cho, Yeonhee"]
[Black "Badzgaradze, Elena"]
[Result "0-1"]
[WhiteElo "1536"]
[BlackElo "1693"]
[PlyCount "76"]
[EventDate "2013.12.18"]
[EventType "swiss"]
[EventRounds "11"]
[EventCountry "UAE"]
[SourceTitle "CBM 158 Extra"]
[Source "ChessBase"]
[SourceDate "2014.02.28"]
[SourceVersion "1"]
[SourceVersionDate "2014.02.28"]
[SourceQuality "1"]

1. e4 d6 2. c4 Nf6 3. Nc3 e5 4. d3 c6 5. Be3 d5 6. exd5 cxd5 7. d4 e4 8. Qc2 Bb4 9. a3 Bxc3+ 10. Qxc3 Be6 11. c5 a5 12. Rc1 a4 13. Bd2 0-0 14. h3 Ne8 15. Ne2 Nc7 16. Nf4 f5 17. Qg3 Bf7 18. h4 Ne6 19. Be3 Nc6 20. Nxe6 Bxe6 21. Rd1 Qa5+ 22. Bd2 f4 23. Qc3 Qc7 24. Be2 Rae8 25. Rc1 Bd7 26. Kd1 Ne7 27. Rc2 Nf5 28. Rh3 e3 29. fxe3 Nxe3+ 30. Rxe3 fxe3 31. Bxe3 Qg3 32. Bf3 Bg4 33. Bf2 Bxf3+ 34. gxf3 Qg2 35. Qd2 Qf1+ 36. Be1 Rxf3 37. Rc3 Rxc3 38. Qxc3 Qe2+ 0-1

[Event "EU-ch U12 Girls 23rd"]
[Site "Budva"]
[Date "2013.10.08"]
[Round "9"]
[White "Antova, Gabriela"]
[Black "Badzgaradze, Elena"]
[Result "1-0"]
[WhiteElo "1712"]
[BlackElo "1691"]
[PlyCount "93"]
[EventDate "2013.09.29"]
[EventType "swiss"]
[EventRounds "9"]
[EventCountry "MNE"]
[SourceTitle "EXT 2014"]
[Source "ChessBase"]
[SourceDate "2013.11.20"]
[SourceVersion "1"]
[SourceVersionDate "2013.11.20"]
[SourceQuality "1"]

1. d4 Nf6 2. Nf3 e6 3. g3 b6 4. Bg2 Bb7 5. 0-0 Be7 6. c4 0-0 7. a3 a5 8. Nc3 d5 9. Re1 Nc6 10. cxd5 exd5 11. Qc2 h6 12. Rd1 Bd6 13. Nh4 Ne7 14. Nf5 Nxf5 15. Qxf5 Qc8 16. Qc2 Re8 17. Bd2 Ne4 18. Be3 Qd7 19. Rac1 f5 20. Qb3 Qf7 21. Nb5 Rad8 22. Qc2 Re7 23. a4 Kh8 24. Nxd6 Rxd6 25. Bf4 Rc6 26. Qd3 Rxc1 27. Rxc1 Ng5 28. Be5 Kh7 29. Qb5 Rd7 30. b4 axb4 31. a5 Ne6 32. axb6 cxb6 33. Qxb6 Qe7 34. Rb1 Nd8 35. Qxb4 Qxb4 36. Rxb4 Nc6 37. Rb5 Ne7 38. Kf1 Kg6 39. Ke1 Kf7 40. Kd2 g6 41. Rb6 Bc6 42. Kd3 Rb7 43. Rxc6 Nxc6 44. Bxd5+ Ke7 45. Bxc6 Rb1 46. d5 Rd1+ 47. Kc2 1-0

[Event "EU-ch U12 Girls 23rd"]
[Site "Budva"]
[Date "2013.10.06"]
[Round "7"]
[White "Mustafazada, Nigar Arif Q"]
[Black "Badzgaradze, Elena"]
[Result "0-1"]
[WhiteElo "1715"]
[BlackElo "1691"]
[PlyCount "104"]
[EventDate "2013.09.29"]
[EventType "swiss"]
[EventRounds "9"]
[EventCountry "MNE"]
[SourceTitle "EXT 2014"]
[Source "ChessBase"]
[SourceDate "2013.11.20"]
[SourceVersion "1"]
[SourceVersionDate "2013.11.20"]
[SourceQuality "1"]

1. c4 Nf6 2. Nc3 e6 3. Nf3 c5 4. g3 Nc6 5. Bg2 d5 6. cxd5 exd5 7. d4 b6 8. 0-0 Be7 9. Bf4 Be6 10. Rc1 Rc8 11. Qa4 Qd7 12. Rfd1 c4 13. b3 Na5 14. Qxd7+ Nxd7 15. Nb5 0-0 16. bxc4 Nxc4 17. Nxa7 Ra8 18. Nc6 Ba3 19. Rc3 Bb2 20. Rb3 Rxa2 21. Nfe5 Ndxe5 22. Nxe5 Bxd4 23. Nc6 Bc5 24. e3 Rc8 25. Nb4 Rd2 26. Rf1 Bxb4 27. Rxb4 Rb2 28. Rb1 Rxb1+ 29. Rxb1 h6 30. Rd1 g5 31. Bxg5 hxg5 32. Bxd5 b5 33. Bxe6 fxe6 34. Kf1 b4 35. Ke2 Na3 36. Rd3 Rc2+ 37. Rd2 b3 38. Rxc2 bxc2 39. Kd2 Kf7 40. h3 Kf6 41. f4 Nc4+ 42. Kxc2 Nxe3+ 43. Kd3 gxf4 44. gxf4 Ng2 45. Ke4 Nh4 46. Kd4 Kf5 47. Ke3 Ng2+ 48. Kf3 Nxf4 49. h4 Nh5 50. Ke3 Kg4 51. Ke4 Kxh4 52. Ke5 Ng7 0-1

[Event "EU-ch U12 Girls 23rd"]
[Site "Budva"]
[Date "2013.10.01"]
[Round "3"]
[White "Karcioglu, Ilayda Elif"]
[Black "Badzgaradze, Elena"]
[Result "0-1"]
[WhiteElo "1500"]
[BlackElo "1691"]
[PlyCount "110"]
[EventDate "2013.09.29"]
[EventType "swiss"]
[EventRounds "9"]
[EventCountry "MNE"]
[SourceTitle "EXT 2014"]
[Source "ChessBase"]
[SourceDate "2013.11.20"]
[SourceVersion "1"]
[SourceVersionDate "2013.11.20"]
[SourceQuality "1"]

1. e4 c6 2. d4 d5 3. Nc3 dxe4 4. Nxe4 Bf5 5. Ng3 Bg6 6. h4 h6 7. Nf3 e6 8. h5 Bh7 9. Bd3 Bxd3 10. Qxd3 Nf6 11. Bd2 Qc7 12. Ne4 Nbd7 13. 0-0-0 Nxe4 14. Qxe4 Nf6 15. Qe2 0-0-0 16. Kb1 Kb8 17. c4 c5 18. Rh4 Bd6 19. Be3 Ka8 20. dxc5 Bxc5 21. Bxc5 Qxc5 22. Rxd8+ Rxd8 23. Ne5 Nd7 24. Nxd7 Rxd7 25. Rh3 Qf5+ 26. Kc1 Qg5+ 27. Qe3 Qxg2 28. b3 Qf1+ 29. Kb2 Qd1 30. Qc5 Qd4+ 31. Qxd4 Rxd4 32. Kc3 Rd7 33. Rg3 f6 34. Re3 Re7 35. Kb4 Kb8 36. Kc5 Kc7 37. Rd3 Rd7 38. Re3 Re7 39. Rd3 Rd7 40. Re3 e5 41. Rg3 a6 42. Rg4 b6+ 43. Kb4 Kd6 44. f4 e4 45. Rg3 Ke6 46. Rg1 Kf5 47. Rf1 e3 48. c5 Rd4+ 49. Kc3 bxc5 50. Re1 Re4 51. Kc2 Kxf4 52. Rf1+ Kg3 53. Re1 Kf2 54. Rh1 e2 55. Rh2+ Kf1 0-1

[Event "EU-ch U12 Girls 23rd"]
[Site "Budva"]
[Date "2013.09.30"]
[Round "2"]
[White "Badzgaradze, Elena"]
[Black "Vuller, Victoria"]
[Result "1-0"]
[WhiteElo "1691"]
[BlackElo "1397"]
[PlyCount "55"]
[EventDate "2013.09.29"]
[EventType "swiss"]
[EventRounds "9"]
[EventCountry "MNE"]
[SourceTitle "EXT 2014"]
[Source "ChessBase"]
[SourceDate "2013.11.20"]
[SourceVersion "1"]
[SourceVersionDate "2013.11.20"]
[SourceQuality "1"]

1. e4 e5 2. Nf3 Nc6 3. Bb5 a6 4. Ba4 Nf6 5. 0-0 Be7 6. Re1 b5 7. Bb3 d6 8. c3 0-0 9. h3 h6 10. d4 Re8 11. Nbd2 Bf8 12. Bc2 g6 13. Nf1 Bg7 14. d5 Ne7 15. b3 Bb7 16. a4 c6 17. c4 bxc4 18. bxc4 Rc8 19. Rb1 Ba8 20. Be3 cxd5 21. Bb6 Qd7 22. cxd5 Rb8 23. Qe2 Bb7 24. a5 Nc8 25. Bd3 Ba8 26. Bxa6 Qe7 27. Rec1 Nxb6 28. axb6 1-0

[Event "EU-chT U18 Girls"]
[Site "Maribor"]
[Date "2013.07.10"]
[Round "5"]
[White "Badzgaradze, Elena"]
[Black "Leks, Maria"]
[Result "1-0"]
[WhiteElo "1614"]
[BlackElo "2109"]
[PlyCount "81"]
[EventDate "2013.07.06"]
[EventType "team-tourn"]
[EventRounds "7"]
[EventCountry "SLO"]
[SourceTitle "CBM 155 Extra"]
[Source "ChessBase"]
[SourceDate "2013.08.26"]
[SourceVersion "1"]
[SourceVersionDate "2013.08.26"]
[SourceQuality "1"]
[WhiteTeam "Russia U18 Girls II"]
[BlackTeam "Poland U18 Girls"]
[WhiteTeamCountry "RUS"]
[BlackTeamCountry "POL"]

1. e4 d6 2. d4 Nf6 3. Nc3 e5 4. Nf3 Nbd7 5. Bc4 Be7 6. 0-0 0-0 7. Re1 c6 8. a4 a5 9. b3 Qc7 10. Bb2 Nb6 11. Bd3 Bg4 12. dxe5 dxe5 13. h3 Bh5 14. g4 Bg6 15. Nh4 Nfd7 16. Nf5 Bxf5 17. gxf5 Bh4 18. Qg4 Qd8 19. Bc1 Kh8 20. Be3 g6 21. Kh1 Rg8 22. Rg1 Qf6 23. Qf3 Nc8 24. Rg4 g5 25. Rag1 Nd6 26. Qe2 h6 27. Nb1 Qe7 28. Nd2 Nf6 29. R4g2 Kh7 30. Bc5 Qc7 31. Nf3 b6 32. Ba3 Qe7 33. Bb2 Nd7 34. Bc1 Qf6 35. Nxh4 gxh4 36. Qh5 Rxg2 37. Rxg2 Nb7 38. Rg4 Nbc5 39. Rxh4 Nxd3 40. cxd3 Qe7 41. Qxh6+ 1-0

[Event "EU-chT U18 Girls"]
[Site "Maribor"]
[Date "2013.07.08"]
[Round "3"]
[White "Badzgaradze, Elena"]
[Black "Vidic, Teja"]
[Result "0-1"]
[WhiteElo "1614"]
[BlackElo "1892"]
[PlyCount "92"]
[EventDate "2013.07.06"]
[EventType "team-tourn"]
[EventRounds "7"]
[EventCountry "SLO"]
[SourceTitle "CBM 155 Extra"]
[Source "ChessBase"]
[SourceDate "2013.08.26"]
[SourceVersion "1"]
[SourceVersionDate "2013.08.26"]
[SourceQuality "1"]
[WhiteTeam "Russia U18 Girls II"]
[BlackTeam "Slovenia U18 Girls II"]
[WhiteTeamCountry "RUS"]
[BlackTeamCountry "SLO"]

1. e4 e5 2. Nf3 Nc6 3. d4 exd4 4. Nxd4 Bc5 5. Nb3 Bb6 6. Nc3 Nf6 7. Qe2 0-0 8. Bg5 h6 9. Bh4 Re8 10. 0-0-0 a5 11. a4 d6 12. Nd5 g5 13. Nxf6+ Qxf6 14. Bg3 Nd4 15. Nxd4 Bxd4 16. c3 Bxc3 17. bxc3 Qxc3+ 18. Qc2 Qxc2+ 19. Kxc2 Rxe4 20. Bb5 c6 21. Bd3 Rxa4 22. Bxd6 Ra2+ 23. Kc3 Rxf2 24. Rd2 Rxd2 25. Kxd2 Bf5 26. Bxf5 Rd8 27. Kc2 Rxd6 28. Rd1 Rxd1 29. Kxd1 Kf8 30. Bc8 b6 31. Bd7 c5 32. g4 Ke7 33. Bb5 Kd6 34. Ke2 Ke5 35. Ke3 f5 36. gxf5 Kxf5 37. Kf3 g4+ 38. Ke3 h5 39. Bd7+ Kg5 40. Ke4 h4 41. Ke3 g3 42. hxg3 hxg3 43. Kf3 Kh4 44. Be6 a4 45. Kg2 a3 46. Bc4 b5 0-1

[Event "EU-chT U18 Girls"]
[Site "Maribor"]
[Date "2013.07.08"]
[Round "4"]
[White "Unuk, Laura"]
[Black "Badzgaradze, Elena"]
[Result "1-0"]
[WhiteElo "2000"]
[BlackElo "1614"]
[PlyCount "53"]
[EventDate "2013.07.06"]
[EventType "team-tourn"]
[EventRounds "7"]
[EventCountry "SLO"]
[SourceTitle "CBM 155 Extra"]
[Source "ChessBase"]
[SourceDate "2013.08.26"]
[SourceVersion "1"]
[SourceVersionDate "2013.08.26"]
[SourceQuality "1"]
[WhiteTeam "Slovenia U18 Girls"]
[BlackTeam "Russia U18 Girls II"]
[WhiteTeamCountry "SLO"]
[BlackTeamCountry "RUS"]

1. c4 c5 2. Nc3 Nc6 3. g3 g6 4. Bg2 Bg7 5. Nf3 e5 6. 0-0 Nge7 7. d3 0-0 8. Ne1 f5 9. a3 d6 10. Rb1 a5 11. Nc2 a4 12. Ne3 Qa5 13. Nb5 Qd8 14. Nd5 Nxd5 15. Bxd5+ Kh8 16. b3 axb3 17. Rxb3 Ne7 18. Bg2 Rb8 19. Bg5 Bf6 20. Bxf6+ Rxf6 21. Qb1 d5 22. cxd5 Nxd5 23. Rc1 b6 24. Qb2 Bb7 25. Qxe5 Qe8 26. Qb2 Bc6 27. Bxd5 1-0

[Event "EU-chT U18 Girls"]
[Site "Maribor"]
[Date "2013.07.06"]
[Round "1"]
[White "Badzgaradze, Elena"]
[Black "Akopova, Anna"]
[Result "0-1"]
[WhiteElo "1614"]
[BlackElo "2048"]
[PlyCount "82"]
[EventDate "2013.07.06"]
[EventType "team-tourn"]
[EventRounds "7"]
[EventCountry "SLO"]
[SourceTitle "CBM 155 Extra"]
[Source "ChessBase"]
[SourceDate "2013.08.26"]
[SourceVersion "1"]
[SourceVersionDate "2013.08.26"]
[SourceQuality "1"]
[WhiteTeam "Russia U18 Girls II"]
[BlackTeam "Russia U18 Girls"]
[WhiteTeamCountry "RUS"]
[BlackTeamCountry "RUS"]

1. d4 d5 2. Nf3 c6 3. c4 e6 4. g3 Nf6 5. Bg2 Bb4+ 6. Bd2 Bd6 7. 0-0 0-0 8. Bf4 Qc7 9. Bxd6 Qxd6 10. Qc2 b6 11. Rd1 Ba6 12. b3 Nbd7 13. Nbd2 Rac8 14. Rac1 Qe7 15. Qb2 Rfd8 16. Ne5 Bb7 17. f4 c5 18. e3 Nb8 19. h3 a6 20. a4 Nc6 21. g4 Nb4 22. g5 Ne4 23. Nxe4 dxe4 24. Bf1 f6 25. gxf6 gxf6 26. Ng4 h5 27. Nf2 Qg7+ 28. Kh2 h4 29. Nh1 Kf7 30. Be2 Nd3 31. Bxd3 exd3 32. Rg1 Qh7 33. Nf2 cxd4 34. exd4 Qf5 35. Rg4 Bf3 36. Rxh4 Rh8 37. Rxh8 Qxf4+ 38. Kg1 Qg3+ 39. Kf1 Bg2+ 40. Ke1 Qe3+ 41. Kd1 Bf3+ 0-1

[Event "Wch U10 Girls"]
[Site "Maribor"]
[Date "2012.11.12"]
[Round "5.3"]
[White "Badzgaradze, Elena"]
[Black "Hilario Huaranca, Aleyla Karen"]
[Result "1-0"]
[WhiteElo "1639"]
[BlackElo "1545"]
[PlyCount "87"]
[EventDate "2012.11.08"]
[EventType "swiss"]
[EventRounds "11"]
[EventCountry "SLO"]
[SourceTitle "EXT 2013"]
[Source "ChessBase"]
[SourceDate "2012.11.22"]
[SourceVersion "1"]
[SourceVersionDate "2012.11.22"]
[SourceQuality "1"]

1. d4 d5 2. Nf3 e6 3. c4 c6 4. g3 Nf6 5. Bg2 Be7 6. 0-0 0-0 7. Qc2 Nbd7 8. Rd1 dxc4 9. Qxc4 Nb6 10. Qc2 Bd7 11. Nc3 Nbd5 12. Ne5 Nxc3 13. bxc3 Qb6 14. Rb1 Qc7 15. Qb3 Rab8 16. Bf4 Bd6 17. c4 Nh5 18. c5 Nxf4 19. cxd6 Nxe2+ 20. Kh1 Nxg3+ 21. hxg3 Qxd6 22. Qb4 Qc7 23. Qc5 a6 24. Qb6 Qd6 25. Nc4 Qe7 26. Qc7 Rfc8 27. Qd6 Qxd6 28. Nxd6 Rc7 29. Rb6 Bc8 30. Rdb1 Rd7 31. Rxc6 Rd8 32. Rxc8 Rbxc8 33. Nxc8 Rxc8 34. Bxb7 Rd8 35. Bxa6 h6 36. Rb4 Kf8 37. a4 Ra8 38. Bb7 Rb8 39. a5 Ke7 40. a6 Kd7 41. a7 Rd8 42. Bf3 Kc7 43. Rb7+ Kd6 44. Rb8 1-0

[Event "Wch U10 Girls"]
[Site "Maribor"]
[Date "2012.11.11"]
[Round "4.4"]
[White "Ferkova, Dominika"]
[Black "Badzgaradze, Elena"]
[Result "1/2-1/2"]
[WhiteElo "1576"]
[BlackElo "1639"]
[PlyCount "78"]
[EventDate "2012.11.08"]
[EventType "swiss"]
[EventRounds "11"]
[EventCountry "SLO"]
[SourceTitle "EXT 2013"]
[Source "ChessBase"]
[SourceDate "2012.11.22"]
[SourceVersion "1"]
[SourceVersionDate "2012.11.22"]
[SourceQuality "1"]

1. d4 Nf6 2. Nf3 g6 3. c4 d6 4. Nc3 Bg7 5. e4 0-0 6. Be3 Ng4 7. Bd2 f5 8. h3 Nh6 9. Bd3 e5 10. d5 Na6 11. 0-0 Nc5 12. Bg5 Qe8 13. b4 Nxd3 14. Qxd3 f4 15. Nb5 Qd7 16. c5 a6 17. Bxh6 Bxh6 18. Nc3 g5 19. Nh2 f3 20. Nxf3 g4 21. hxg4 Qxg4 22. Nh2 Qh5 23. Qe2 Qg6 24. Qd3 Kh8 25. Qg3 Qh5 26. Qd3 Bf4 27. g3 Bh3 28. Rfd1 Rf6 29. Qe2 Qg6 30. Rd3 Raf8 31. Rf3 Bh6 32. Rxf6 Rxf6 33. Rd1 Bg7 34. c6 Bc8 35. cxb7 Bxb7 36. Qg4 Qf7 37. Qe2 Bc8 38. Rd3 Qd7 39. Rf3 Rh6 1/2-1/2

[Event "Wch U10 Girls"]
[Site "Maribor"]
[Date "2012.11.10"]
[Round "3.10"]
[White "Badzgaradze, Elena"]
[Black "Scarpa, Claudia"]
[Result "1-0"]
[WhiteElo "1639"]
[BlackElo "1431"]
[PlyCount "41"]
[EventDate "2012.11.08"]
[EventType "swiss"]
[EventRounds "11"]
[EventCountry "SLO"]
[SourceTitle "EXT 2013"]
[Source "ChessBase"]
[SourceDate "2012.11.22"]
[SourceVersion "1"]
[SourceVersionDate "2012.11.22"]
[SourceQuality "1"]

1. e4 e5 2. Nf3 Nc6 3. Bb5 Nge7 4. 0-0 g6 5. d4 exd4 6. Nxd4 Bg7 7. Nxc6 Nxc6 8. c3 0-0 9. Nd2 d6 10. f4 Qe7 11. Qc2 Bd7 12. Bd3 Rae8 13. Nc4 Rd8 14. Ne3 Bc8 15. f5 Ne5 16. Nd5 Qd7 17. f6 Bh6 18. Ne7+ Kh8 19. Bxh6 Rg8 20. Nxg8 Rxg8 21. Bg7+ 1-0